The drama of the commons

Bibliographic Details
Corporate Author: ProQuest (Firm)
Other Authors: Ostrom, Elinor.
Format: Electronic eBook
Language:English
Published: Washington, DC : National Academy Press, c2002.
Subjects:
Online Access:Click to View
LEADER 01342nam a22003614a 4500
001 EBC3375248
003 MiAaPQ
005 20200520144314.0
006 m o d |
007 cr cn|||||||||
008 011029s2002 dcua sb 001 0 eng
010 |z  2001006476 
020 |z 0309082501 (pbk.) 
035 |a (MiAaPQ)EBC3375248 
035 |a (Au-PeEL)EBL3375248 
035 |a (CaPaEBR)ebr10032451 
035 |a (CaONFJC)MIL18413 
035 |a (OCoLC)923255386 
040 |a MiAaPQ  |c MiAaPQ  |d MiAaPQ 
050 4 |a HD1286  |b .D7 2002 
082 0 4 |a 333.2  |2 21 
245 0 4 |a The drama of the commons  |h [electronic resource] /  |c Committee on the Human Dimensions of Global Change, Elinor Ostrom ... [et al.], editors. 
260 |a Washington, DC :  |b National Academy Press,  |c c2002. 
300 |a xii, 521 p. :  |b ill. 
504 |a Includes bibliographical references and index. 
533 |a Electronic reproduction. Ann Arbor, MI : ProQuest, 2015. Available via World Wide Web. Access may be limited to ProQuest affiliated libraries. 
650 0 |a Commons. 
650 0 |a Natural resources  |x Management. 
650 0 |a Sustainable development. 
655 4 |a Electronic books. 
700 1 |a Ostrom, Elinor. 
710 2 |a ProQuest (Firm) 
856 4 0 |u https://ebookcentral.proquest.com/lib/matrademy/detail.action?docID=3375248  |z Click to View